000 00308nam a2200109Ia 4500
008 200302s9999 xx 000 0 und d
100 _aLisa Tilder and beth blostein(edi)
245 _aDesign Ecologies,Essays on the nature of Design
260 _bPrinceton Architectural Press
260 _c255
300 _a252
999 _c2939
_d2939